[Event "Hamburg-ch Seniors 65+"]
[Site "Hamburg"]
[Date "2018.11.08"]
[Round "9"]
[White "Grimm, Uwe"]
[Black "Strenzke, Guenter"]
[Result "1/2-1/2"]
[WhiteElo "2065"]
[BlackElo "1986"]
[PlyCount "159"]
[EventDate "2018.10.31"]
[EventType "swiss"]
[EventRounds "9"]
[EventCountry "GER"]
[SourceTitle "CBM 189 Extra"]
[Source "ChessBase"]
[SourceDate "2019.06.03"]
[SourceVersion "1"]
[SourceVersionDate "2019.06.03"]
[SourceQuality "1"]

1. f4 Nf6 2. Nf3 g6 3. b3 Bg7 4. Bb2 b6 5. e3 d6 6. Be2 Bb7 7. 0-0 0-0 8. Qe1 e6 9. Bd1 Nbd7 10. d3 d5 11. Nbd2 c5 12. a4 a5 13. Kh1 Qc7 14. Qh4 Nh5 15. Bxg7 Kxg7 16. Ng5 Nhf6 17. Rf3 h6 18. Rh3 Rh8 19. Ngf3 Ne8 20. Be2 Nd6 21. Rf1 Nf5 22. Qf2 Nf6 23. Ne5 Rad8 24. g4 d4+ 25. e4 Ne3 26. Rc1 Nd7 27. Nec4 Nxc4 28. bxc4 Bc6 29. Rg1 Nb8 30. f5 exf5 31. gxf5 Rd6 32. Rf3 Rf6 33. Rf1 g5 34. Rg1 Kf8 35. Ra1 Nd7 36. Rh3 Ne5 37. Qg3 Qd6 38. Kg1 Nd7 39. Qf2 Ne5 40. Bd1 Qd7 41. Qg3 Qe8 42. Qxg5 Rg8 43. Qxg8+ Kxg8 44. Nf1 Kh7 45. Rg3 Rd6 46. Rg2 Qe7 47. Ng3 Rd8 48. Be2 Rg8 49. Kh1 Qh4 50. Rb1 Nd7 51. Ra1 Rg5 52. Kg1 Qf4 53. Kh1 Qc7 54. Bh5 Nf6 55. Be2 Qf4 56. Rb1 Nd7 57. Bh5 Kg7 58. Be2 Kf8 59. Re1 Nf6 60. Rb1 Qc7 61. Ra1 Ne8 62. Ra2 Ng7 63. Ra1 Nxf5 64. exf5 Bxg2+ 65. Kxg2 Qf4 66. Rb1 Qd6 67. Bf3 Qf6 68. Rf1 Qe7 69. Rb1 Qd6 70. Kh3 Qf4 71. Rf1 Qd2 72. Ne4 Qxc2 73. Nxg5 hxg5 74. Be4 f6 75. Ra1 Kg7 76. Kg3 Kh6 77. h3 Qd2 78. Rb1 Qf4+ 79. Kg2 Qd6 80. Bf3 1/2-1/2

[Event "Hamburg-ch Seniors 65+"]
[Site "Hamburg"]
[Date "2018.11.04"]
[Round "5"]
[White "Cassens, Erhard Otto"]
[Black "Strenzke, Guenter"]
[Result "1/2-1/2"]
[WhiteElo "1816"]
[BlackElo "1986"]
[PlyCount "93"]
[EventDate "2018.10.31"]
[EventType "swiss"]
[EventRounds "9"]
[EventCountry "GER"]
[SourceTitle "CBM 189 Extra"]
[Source "ChessBase"]
[SourceDate "2019.06.03"]
[SourceVersion "1"]
[SourceVersionDate "2019.06.03"]
[SourceQuality "1"]

1. d4 d5 2. c3 e6 3. Bf4 Bd6 4. Bg3 Nf6 5. Nd2 0-0 6. e3 b6 7. Bd3 Bb7 8. Bh4 Nbd7 9. Qc2 Be7 10. Ngf3 Re8 11. Ne5 Nf8 12. Bb5 N6d7 13. Bxe7 Rxe7 14. Nxd7 Nxd7 15. Bd3 Nf8 16. f4 c5 17. 0-0 Rc8 18. Qd1 f6 19. Nf3 Qd6 20. Rf2 Nd7 21. Bb5 Bc6 22. Bxc6 Rxc6 23. Qa4 Rc7 24. Rd1 Re8 25. dxc5 bxc5 26. c4 Rd8 27. Qc2 Nb6 28. b3 Qe7 29. Rfd2 Rcd7 30. e4 d4 31. e5 a5 32. Qe4 f5 33. Qe1 h6 34. Rd3 Ra7 35. a4 Nd7 36. Qg3 Rb8 37. Nh4 Nf8 38. Ng6 Nxg6 39. Qxg6 Qf7 40. Qg3 Rab7 41. Rf1 Rb4 42. Rff3 Kh7 43. h4 g6 44. Qe1 Qc7 45. Qd1 Qb7 46. Rh3 h5 47. Qf3 1/2-1/2

[Event "Hamburg-ch Seniors 65+"]
[Site "Hamburg"]
[Date "2018.11.03"]
[Round "4"]
[White "Strenzke, Guenter"]
[Black "Schulz, Hans"]
[Result "1-0"]
[WhiteElo "1986"]
[BlackElo "1647"]
[PlyCount "59"]
[EventDate "2018.10.31"]
[EventType "swiss"]
[EventRounds "9"]
[EventCountry "GER"]
[SourceTitle "CBM 189 Extra"]
[Source "ChessBase"]
[SourceDate "2019.06.03"]
[SourceVersion "1"]
[SourceVersionDate "2019.06.03"]
[SourceQuality "1"]

1. d4 d5 2. c4 dxc4 3. Nf3 Nf6 4. e3 a6 5. Bxc4 e6 6. 0-0 b5 7. Bd3 Bb7 8. Nbd2 Nbd7 9. Qe2 c5 10. b3 Be7 11. Bb2 0-0 12. Rac1 Rc8 13. Rfd1 Qa5 14. Bb1 Nd5 15. Qd3 N7f6 16. a3 b4 17. Nc4 Qd8 18. a4 a5 19. Ng5 g6 20. Nh3 cxd4 21. Qxd4 Bc5 22. Qe5 Qc7 23. Rxd5 Qxe5 24. Rxe5 Be7 25. Rxa5 Rfd8 26. Ra7 Rc7 27. f3 Rcd7 28. Nf2 Bc5 29. Ra5 Rd5 30. Bxf6 1-0

[Event "Hessen-ch Seniors op 12th"]
[Site "Bad Sooden-Allendorf"]
[Date "2016.05.03"]
[Round "4"]
[White "Simon, Goetz Jochen"]
[Black "Strenzke, Guenter"]
[Result "0-1"]
[WhiteElo "1830"]
[BlackElo "1970"]
[PlyCount "54"]
[EventDate "2016.04.30"]
[EventType "swiss"]
[EventRounds "9"]
[EventCountry "GER"]
[SourceTitle "EXT 2019"]
[Source "ChessBase"]
[SourceDate "2018.10.10"]
[SourceVersion "1"]
[SourceVersionDate "2018.10.10"]
[SourceQuality "1"]

1. e4 e6 2. d4 d5 3. exd5 exd5 4. c4 c6 5. Nc3 Nf6 6. cxd5 Nxd5 7. Nf3 Bb4 8. Bd2 0-0 9. Be2 Bg4 10. 0-0 Nd7 11. Nxd5 Bxd2 12. Qxd2 cxd5 13. h3 Bh5 14. Rac1 Qb6 15. Rc3 Nf6 16. Rb3 Qc7 17. Rc1 Qe7 18. g4 Bg6 19. Ne5 Ne4 20. Qf4 Nd6 21. Re3 Qd8 22. Nxg6 hxg6 23. Rec3 Ne4 24. Rc7 Qh4 25. Kg2 f5 26. Rxg7+ Kxg7 27. Rc7+ Kg8 0-1

[Event "Hessen-ch Seniors op 12th"]
[Site "Bad Sooden-Allendorf"]
[Date "2016.04.30"]
[Round "1"]
[White "Strenzke, Guenter"]
[Black "Klose, Hans Peter"]
[Result "1-0"]
[WhiteElo "1970"]
[BlackElo "1598"]
[PlyCount "91"]
[EventDate "2016.04.30"]
[EventType "swiss"]
[EventRounds "9"]
[EventCountry "GER"]
[SourceTitle "EXT 2019"]
[Source "ChessBase"]
[SourceDate "2018.10.10"]
[SourceVersion "1"]
[SourceVersionDate "2018.10.10"]
[SourceQuality "1"]

1. d4 Nf6 2. Nf3 d6 3. Bf4 g6 4. e3 Bg7 5. Be2 0-0 6. 0-0 c5 7. c3 Nd5 8. Bg3 Nf6 9. Nbd2 b6 10. Qc2 Bb7 11. Rad1 Nbd7 12. Rfe1 Rc8 13. Qa4 a6 14. dxc5 Nxc5 15. Qh4 Nce4 16. Nxe4 Nxe4 17. Ng5 Nxg5 18. Qxg5 e5 19. Qg4 Qc7 20. Qb4 Rfd8 21. Bh4 f6 22. Bg4 Rb8 23. Be6+ Kh8 24. e4 Bc8 25. Qb3 Qe7 26. Bxc8 Rdxc8 27. Qa3 g5 28. Bg3 Qb7 29. Qxd6 Qf7 30. Qd5 Qf8 31. Qb3 Rd8 32. f3 Rxd1 33. Rxd1 Rd8 34. Bf2 Rxd1+ 35. Qxd1 Qb8 36. Qb3 b5 37. a4 Bf8 38. axb5 axb5 39. Qd5 h6 40. g3 Qe8 41. Kg2 Kg7 42. b3 Kh8 43. c4 bxc4 44. bxc4 Kg7 45. c5 Qf7 46. c6 1-0

[Event "Hamburg-ch Seniors 22nd"]
[Site "Hamburg"]
[Date "2015.11.04"]
[Round "8"]
[White "Strenzke, Guenter"]
[Black "Lehr, Thomas"]
[Result "0-1"]
[WhiteElo "1990"]
[BlackElo "1901"]
[PlyCount "107"]
[EventDate "2015.10.28"]
[EventType "swiss"]
[EventRounds "9"]
[EventCountry "GER"]
[SourceTitle "EXT 2018"]
[Source "ChessBase"]
[SourceDate "2017.10.13"]
[SourceVersion "1"]
[SourceVersionDate "2017.10.13"]
[SourceQuality "1"]

1. d4 Nf6 2. Nf3 d6 3. e3 Bg4 4. Be2 c6 5. Nbd2 d5 6. b3 e6 7. Ne5 Bxe2 8. Qxe2 Nbd7 9. f4 Bb4 10. 0-0 0-0 11. Bb2 Bxd2 12. Qxd2 Ne4 13. Qe2 f6 14. Nd3 f5 15. Rf3 Qa5 16. Rh3 Qd2 17. Qxd2 Nxd2 18. Ba3 Rf7 19. Bd6 a5 20. a4 Ne4 21. Be5 Rc8 22. Rc1 c5 23. c4 dxc4 24. Rxc4 Nb6 25. Rc2 c4 26. Nc1 c3 27. Rf3 Nd5 28. Nd3 Rc6 29. Bb8 Rb6 30. Nc5 Nxc5 31. dxc5 Rxb3 32. Be5 Ra3 33. h3 Rxa4 34. g4 g6 35. gxf5 exf5 36. h4 Rc4 37. Bd4 Re7 38. h5 Re6 39. Rh3 Nxf4 40. Rhh2 Nxh5 41. Ra2 a4 42. Rhc2 Ng3 43. Ra3 Ne4 44. Kf1 Nxc5 45. Rcxc3 Rxc3 46. Rxc3 b6 47. Rc4 g5 48. Bxc5 bxc5 49. Rxc5 Rxe3 50. Rxf5 h6 51. Ra5 a3 52. Kf2 Rb3 53. Kg2 Kf8 54. Ra7 0-1

[Event "Schleswig Holstein-ch Seniors op 9th"]
[Site "Buesum"]
[Date "2015.10.02"]
[Round "5"]
[White "Jensen, Helmut"]
[Black "Strenzke, Guenter"]
[Result "1/2-1/2"]
[WhiteElo "1923"]
[BlackElo "2018"]
[PlyCount "63"]
[EventDate "2015.09.28"]
[EventType "swiss"]
[EventRounds "9"]
[EventCountry "GER"]
[SourceTitle "EXT 2018"]
[Source "ChessBase"]
[SourceDate "2017.10.13"]
[SourceVersion "1"]
[SourceVersionDate "2017.10.13"]
[SourceQuality "1"]

1. Nf3 Nf6 2. b3 g6 3. Bb2 Bg7 4. e3 d5 5. Be2 0-0 6. 0-0 c5 7. d4 b6 8. Nbd2 Bb7 9. Rc1 Nbd7 10. c4 dxc4 11. Nxc4 Rc8 12. Nfe5 Nxe5 13. Nxe5 Nd7 14. Nxd7 Qxd7 15. Qd2 Rfd8 16. Rfd1 cxd4 17. Rxc8 Bxc8 18. Bxd4 Bxd4 19. Qxd4 Qxd4 20. Rxd4 Rxd4 21. exd4 Kg7 22. f3 Kf6 23. Kf2 Ke6 24. Bc4+ Kf6 25. Ke3 Be6 26. Kf4 Bd7 27. h4 h6 28. g4 b5 29. g5+ hxg5+ 30. hxg5+ Kg7 31. Bd5 f6 32. b4 1/2-1/2

[Event "Hessen-ch Seniors op 11th"]
[Site "Bad Sooden-Allendorf"]
[Date "2015.05.16"]
[Round "8"]
[White "Leisen, Peter"]
[Black "Strenzke, Guenter"]
[Result "0-1"]
[WhiteElo "1924"]
[BlackElo "2018"]
[PlyCount "63"]
[EventDate "2015.05.09"]
[EventType "swiss"]
[EventRounds "9"]
[EventCountry "GER"]
[SourceTitle "EXT 2018"]
[Source "ChessBase"]
[SourceDate "2017.10.13"]
[SourceVersion "1"]
[SourceVersionDate "2017.10.13"]
[SourceQuality "1"]

1. d4 d5 2. c4 c6 3. cxd5 cxd5 4. Nc3 Nf6 5. Nf3 Nc6 6. Bf4 e6 7. g3 Bb4 8. Bd2 0-0 9. Bg2 Qb6 10. a3 Bd6 11. Na4 Qb5 12. Qc2 Bd7 13. Nc3 Qb6 14. e3 Rac8 15. b4 Ne7 16. Qd3 Ng6 17. 0-0 Ne4 18. Rfc1 Nxc3 19. Bxc3 Bb5 20. Qd2 Rc7 21. Bb2 Bc4 22. Rc3 Rfc8 23. Rac1 a5 24. bxa5 Qxa5 25. Qc2 b5 26. Nd2 b4 27. axb4 Bxb4 28. Nxc4 dxc4 29. Rxc4 Rxc4 30. Qxc4 Rxc4 31. Rxc4 Ne7 32. Rc1 0-1

[Event "Hessen-ch Seniors op 11th"]
[Site "Bad Sooden-Allendorf"]
[Date "2015.05.15"]
[Round "7"]
[White "Strenzke, Guenter"]
[Black "Burckhardt, Karl"]
[Result "0-1"]
[WhiteElo "2018"]
[BlackElo "1913"]
[PlyCount "130"]
[EventDate "2015.05.09"]
[EventType "swiss"]
[EventRounds "9"]
[EventCountry "GER"]
[SourceTitle "EXT 2018"]
[Source "ChessBase"]
[SourceDate "2017.10.13"]
[SourceVersion "1"]
[SourceVersionDate "2017.10.13"]
[SourceQuality "1"]

1. d4 f5 2. c4 Nf6 3. Nc3 e6 4. g3 d5 5. e3 Be7 6. Nf3 0-0 7. a3 Ne4 8. Qc2 a5 9. b3 Nxc3 10. Qxc3 Nd7 11. Bg2 Nf6 12. 0-0 Ne4 13. Qc2 c6 14. Bb2 Bd7 15. Ne5 Be8 16. f3 Nd6 17. Rae1 Nf7 18. Nd3 Nd6 19. Nf4 Qd7 20. c5 Nf7 21. e4 g5 22. exf5 gxf4 23. fxe6 Qc7 24. exf7+ Rxf7 25. g4 Bh4 26. Re5 Re7 27. Qd2 Rf7 28. Rd1 Bd7 29. Bf1 Re8 30. Bd3 b6 31. b4 axb4 32. axb4 bxc5 33. Rxe8+ Bxe8 34. dxc5 Qe7 35. Bd4 Bf6 36. Bf2 Qc7 37. Re1 Re7 38. Bf5 Rxe1+ 39. Qxe1 Qe5 40. Qxe5 Bxe5 41. Kf1 h6 42. Ke2 Kf7 43. Kd3 Kf6 44. Bd4 h5 45. h3 h4 46. Bh7 Bxd4 47. Kxd4 Bd7 48. Bd3 Bc8 49. b5 Bb7 50. g5+ Kxg5 51. Ke5 cxb5 52. Bxb5 Bc8 53. Bf1 Bb7 54. Kd6 d4 55. c6 Bc8 56. c7 d3 57. Bxd3 Bxh3 58. Bf1 Bc8 59. Ke7 h3 60. Kd8 h2 61. Bg2 Bf5 62. c8Q Bxc8 63. Kxc8 Kh4 64. Kd7 Kg3 65. Bh1 Kf2 0-1

[Event "Hessen-ch Seniors op 11th"]
[Site "Bad Sooden-Allendorf"]
[Date "2015.05.12"]
[Round "4"]
[White "Voeller, Lothar"]
[Black "Strenzke, Guenter"]
[Result "1/2-1/2"]
[WhiteElo "1735"]
[BlackElo "2018"]
[PlyCount "43"]
[EventDate "2015.05.09"]
[EventType "swiss"]
[EventRounds "9"]
[EventCountry "GER"]
[SourceTitle "EXT 2018"]
[Source "ChessBase"]
[SourceDate "2017.10.13"]
[SourceVersion "1"]
[SourceVersionDate "2017.10.13"]
[SourceQuality "1"]

1. b3 d5 2. Bb2 Bf5 3. e3 Nd7 4. c4 c6 5. Nc3 e6 6. cxd5 exd5 7. Nf3 Ngf6 8. Be2 Bd6 9. 0-0 0-0 10. Nd4 Bg6 11. f4 h6 12. Qe1 Ne4 13. Nxe4 Bxe4 14. Qg3 Nf6 15. Qh3 Qd7 16. g4 h5 17. Nf5 hxg4 18. Bxg4 Nxg4 19. Nxd6 Qxd6 20. Qxg4 Qg6 21. Qxg6 Bxg6 22. Rf3 1/2-1/2

[Event "Hamburg-ch Seniors 21st"]
[Site "Hamburg"]
[Date "2014.11.06"]
[Round "9"]
[White "Strenzke, Guenter"]
[Black "Voss, Werner"]
[Result "1-0"]
[WhiteElo "1854"]
[BlackElo "1720"]
[PlyCount "119"]
[EventDate "2014.10.29"]
[EventType "swiss"]
[EventRounds "9"]
[EventCountry "GER"]
[SourceTitle "EXT 2018"]
[Source "ChessBase"]
[SourceDate "2017.10.13"]
[SourceVersion "1"]
[SourceVersionDate "2017.10.13"]
[SourceQuality "1"]

1. d4 g6 2. Nf3 Bg7 3. Bf4 c5 4. e3 Nc6 5. c3 cxd4 6. exd4 Qb6 7. Qc2 Nf6 8. Bd3 d6 9. Nbd2 Bd7 10. 0-0 0-0 11. Rfe1 Rac8 12. Qb3 Qxb3 13. axb3 Nd5 14. Bg3 Rfe8 15. Be4 Nf6 16. Bxc6 Bxc6 17. Rxa7 Nh5 18. b4 Nxg3 19. hxg3 Rb8 20. Ra5 e6 21. Nc4 Bf8 22. Nb6 Kg7 23. b5 Bxf3 24. gxf3 Be7 25. Ra4 d5 26. Rea1 Red8 27. Ra8 Rxa8 28. Nxa8 Rd7 29. Nb6 Rc7 30. Ra8 h5 31. Rc8 Rxc8 32. Nxc8 Bd8 33. b6 h4 34. Kg2 hxg3 35. fxg3 Kf8 36. Nd6 Bxb6 37. Nxb7 Ke7 38. b4 Kd7 39. Nc5+ Kc6 40. Kf2 g5 41. Ke2 Bc7 42. g4 Bg3 43. Nd3 Kb5 44. Nb2 Bd6 45. Kd3 Bc7 46. Nd1 Bd6 47. Ne3 Bc7 48. Nf1 Bd6 49. Nd2 Be7 50. Nb3 Bd6 51. Nc5 Be7 52. Nd7 f6 53. Nc5 Bxc5 54. bxc5 e5 55. Ke3 Kc4 56. Kd2 Kb5 57. Kd3 Kc6 58. c4 dxc4+ 59. Kxc4 exd4 60. Kxd4 1-0

[Event "Hessen-ch Seniors op 10th"]
[Site "Bad Sooden-Allendorf"]
[Date "2014.05.04"]
[Round "9"]
[White "Weyrauch, Erich"]
[Black "Strenzke, Guenter"]
[Result "1/2-1/2"]
[WhiteElo "2160"]
[BlackElo "2008"]
[PlyCount "108"]
[EventDate "2014.04.26"]
[EventType "swiss"]
[EventRounds "9"]
[EventCountry "GER"]
[SourceTitle "EXT 2018"]
[Source "ChessBase"]
[SourceDate "2017.10.13"]
[SourceVersion "1"]
[SourceVersionDate "2017.10.13"]
[SourceQuality "1"]

1. e4 e6 2. c4 d5 3. cxd5 exd5 4. Qb3 Nf6 5. e5 Ne4 6. d4 c5 7. Bb5+ Nc6 8. Nf3 Qa5+ 9. Nbd2 a6 10. Bxc6+ bxc6 11. 0-0 Nxd2 12. Bxd2 Qb5 13. Qe3 Be7 14. dxc5 Bxc5 15. Qf4 Be7 16. Qg3 Kf8 17. Rfe1 Qd3 18. Bc3 Qg6 19. b4 Qxg3 20. hxg3 Be6 21. Rab1 g6 22. Bd4 Kg7 23. Bc5 Bd8 24. Nd4 Rc8 25. f4 h5 26. Re3 Bd7 27. Kf2 Re8 28. Rbb3 Ra8 29. Re2 Bc7 30. a4 Rab8 31. Reb2 g5 32. Re2 h4 33. Rbe3 hxg3+ 34. Rxg3 g4 35. Rge3 Kg6 36. g3 a5 37. bxa5 Bxa5 38. Bd6 Rbc8 39. Rc2 c5 40. Bxc5 Bxa4 41. f5+ Kh7 42. Ra2 Rxc5 43. Rxa4 Bc7 44. e6 fxe6 45. fxe6 Kg6 46. e7 Kf7 47. Ne2 Ra5 48. Rxg4 Bb6 49. Rf4+ Kg7 50. Nd4 Bxd4 51. Rxd4 Ra2+ 52. Kf3 Ra7 53. Rg4+ Kf7 54. Rf4+ Kg7 1/2-1/2

[Event "Hessen-ch Seniors op 10th"]
[Site "Bad Sooden-Allendorf"]
[Date "2014.04.30"]
[Round "5"]
[White "Etzold, Ernst Walter"]
[Black "Strenzke, Guenter"]
[Result "1-0"]
[WhiteElo "2134"]
[BlackElo "2008"]
[PlyCount "90"]
[EventDate "2014.04.26"]
[EventType "swiss"]
[EventRounds "9"]
[EventCountry "GER"]
[SourceTitle "EXT 2018"]
[Source "ChessBase"]
[SourceDate "2017.10.13"]
[SourceVersion "1"]
[SourceVersionDate "2017.10.13"]
[SourceQuality "1"]

1. d4 d5 2. Nf3 Nf6 3. c4 c6 4. Nc3 e6 5. cxd5 exd5 6. Bg5 Be7 7. Qc2 Na6 8. e3 Nc7 9. Bd3 Be6 10. 0-0 h6 11. Bf4 Bd6 12. Be5 0-0 13. Rac1 Ng4 14. Bxd6 Qxd6 15. h3 Nf6 16. Na4 Nd7 17. Nc5 Nxc5 18. dxc5 Qe7 19. Nd4 Qg5 20. f4 Qe7 21. Rce1 Qf6 22. Qf2 Rae8 23. Qg3 Re7 24. Re2 Bc8 25. f5 Rfe8 26. Rf3 a6 27. a4 Re5 28. Qe1 R8e7 29. g4 Ne8 30. Qg3 Rc7 31. h4 Qe7 32. g5 f6 33. gxf6 Qxf6 34. a5 Rf7 35. b4 Qe7 36. Rg2 Qf6 37. Qf2 Rfe7 38. Rg6 Qf7 39. Qg3 Nf6 40. Ne6 Re4 41. Bxe4 dxe4 42. Rf2 Bxe6 43. fxe6 Rxe6 44. Rg2 Nh5 45. Qg4 Nf6 1-0

[Event "Hamburg Seniors-ch 20th"]
[Site "Hamburg"]
[Date "2013.11.04"]
[Round "6"]
[White "Strenzke, Guenter"]
[Black "Zimmermann, Manfred"]
[Result "1-0"]
[WhiteElo "1820"]
[BlackElo "1629"]
[PlyCount "41"]
[EventDate "2013.10.30"]
[EventType "swiss"]
[EventRounds "9"]
[EventCountry "GER"]
[SourceTitle "EXT 2015"]
[Source "ChessBase"]
[SourceDate "2014.11.20"]
[SourceVersion "1"]
[SourceVersionDate "2014.11.20"]
[SourceQuality "1"]

1. d4 Nf6 2. c4 g6 3. Nc3 Bg7 4. e4 d6 5. f3 0-0 6. Be3 b6 7. Bd3 Bb7 8. Nge2 Nbd7 9. 0-0 e5 10. d5 a6 11. Rc1 Kh8 12. b4 Ng8 13. Qc2 Bh6 14. Nd1 Bxe3+ 15. Nxe3 Kg7 16. Qb2 Qe7 17. f4 f6 18. f5 g5 19. Ng3 h6 20. Be2 Qd8 21. Bh5 1-0

[Event "Wuerttemberg-ch Seniors op 25th"]
[Site "Freudenstadt"]
[Date "2013.07.06"]
[Round "6"]
[White "Strenzke, Guenter"]
[Black "Prill, Gerhard"]
[Result "0-1"]
[WhiteElo "1998"]
[BlackElo "2003"]
[PlyCount "95"]
[EventDate "2013.07.06"]
[EventType "swiss"]
[EventRounds "9"]
[EventCountry "GER"]
[SourceTitle "EXT 2019"]
[Source "ChessBase"]
[SourceDate "2018.10.10"]
[SourceVersion "1"]
[SourceVersionDate "2018.10.10"]
[SourceQuality "1"]

1. d4 Nf6 2. c4 e6 3. Nc3 Bb4 4. Qc2 0-0 5. a3 Bxc3+ 6. Qxc3 b5 7. Qf3 d5 8. cxb5 Ne4 9. e3 c5 10. dxc5 Nxc5 11. Qd1 Bb7 12. Nf3 Nbd7 13. b4 Ne4 14. Bb2 f6 15. Bd3 f5 16. 0-0 Ndf6 17. Rc1 Qe7 18. Be5 Rfc8 19. Qb3 Nd7 20. Bb2 e5 21. Rfe1 Nd6 22. Bf1 Nf7 23. Rxc8+ Rxc8 24. Rc1 Rxc1 25. Bxc1 g5 26. Qc3 g4 27. Ne1 Qd6 28. Bb2 Ng5 29. Qc2 Ne4 30. f3 gxf3 31. gxf3 Qg6+ 32. Bg2 Nd6 33. Qc7 Qe6 34. Nd3 d4 35. Qd8+ Kf7 36. exd4 Nxb5 37. Qh8 Qg6 38. dxe5 Bxf3 39. Nf4 Qb6+ 40. Kf1 Bxg2+ 41. Kxg2 Nf8 42. e6+ Ke8 43. Qf6 Qb7+ 44. Kg3 Nd6 45. Qe5 Ne4+ 46. Kh3 Ng5+ 47. Kg3 Qf3+ 48. Kh4 0-1

[Event "Wuerttemberg-ch Seniors op 25th"]
[Site "Freudenstadt"]
[Date "2013.07.06"]
[Round "4"]
[White "Strenzke, Guenter"]
[Black "Schmieder, Siegfried"]
[Result "1-0"]
[WhiteElo "1998"]
[BlackElo "2063"]
[PlyCount "77"]
[EventDate "2013.07.06"]
[EventType "swiss"]
[EventRounds "9"]
[EventCountry "GER"]
[SourceTitle "EXT 2019"]
[Source "ChessBase"]
[SourceDate "2018.10.10"]
[SourceVersion "1"]
[SourceVersionDate "2018.10.10"]
[SourceQuality "1"]

1. d4 f5 2. c4 g6 3. Nc3 Nf6 4. g3 Bg7 5. Bg2 d6 6. Nh3 0-0 7. 0-0 c6 8. Qc2 e5 9. dxe5 dxe5 10. e4 Nh5 11. exf5 gxf5 12. Qe2 Qe8 13. Re1 Nd7 14. Bg5 Qg6 15. Rad1 Nhf6 16. Rd6 Qf7 17. Red1 Ne8 18. R6d2 Nc5 19. Be3 Ne6 20. f4 e4 21. Na4 Nf6 22. Nc5 h6 23. Nf2 b6 24. Nxe6 Bxe6 25. b3 h5 26. Rd6 c5 27. Nh3 Bh6 28. Ng5 Bxg5 29. fxg5 Ne8 30. R6d2 Rc8 31. Bf4 a5 32. a4 Nc7 33. Rd6 Na6 34. Rxb6 Nb4 35. Rdd6 Rfe8 36. Bd2 Nc2 37. Bc3 Nb4 38. Qe3 Qe7 39. g6 1-0

[Event "Hamburg Seniors op 19th"]
[Site "Hamburg"]
[Date "2012.10.25"]
[Round "2"]
[White "Strenzke, Guenter"]
[Black "Mueller, Joerg"]
[Result "0-1"]
[WhiteElo "1777"]
[BlackElo "2092"]
[PlyCount "164"]
[EventDate "2012.10.24"]
[EventType "swiss"]
[EventRounds "9"]
[EventCountry "GER"]
[SourceTitle "EXT 2015"]
[Source "ChessBase"]
[SourceDate "2014.11.20"]
[SourceVersion "1"]
[SourceVersionDate "2014.11.20"]
[SourceQuality "1"]

1. d4 Nf6 2. Nf3 g6 3. Bf4 Bg7 4. e3 0-0 5. Nbd2 d6 6. h3 b6 7. Be2 Bb7 8. 0-0 Nbd7 9. Rc1 Re8 10. c4 e5 11. dxe5 dxe5 12. Bg3 c5 13. Qc2 Qe7 14. e4 Nh5 15. Bh2 Bh6 16. Rcd1 Nf4 17. Rfe1 Ne6 18. Nf1 Nd4 19. Qd3 Rad8 20. Ne3 f6 21. Nd5 Bxd5 22. cxd5 Nxe2+ 23. Rxe2 Qd6 24. Qa3 Ra8 25. Nd4 a6 26. Rd3 b5 27. Nc6 Bf8 28. Qc3 c4 29. Rd1 Rec8 30. Rf1 Bh6 31. Kh1 Nc5 32. Qb4 Rc7 33. f3 Bf8 34. Qd2 g5 35. Nd4 Nd3 36. Nf5 Qb4 37. h4 Qxd2 38. Rxd2 Bb4 39. Rc2 Rd7 40. hxg5 fxg5 41. Nh6+ Kg7 42. Ng4 Bd6 43. Ne3 Bc5 44. Nf5+ Kf6 45. Bg1 Bxg1 46. Kxg1 Nb4 47. Rd2 h5 48. a3 Nd3 49. g3 Nc5 50. Re2 Rg8 51. Kh2 Nd3 52. Kh3 a5 53. Rc2 Rc8 54. Rd1 Nc5 55. Ne3 g4+ 56. fxg4 Nxe4 57. gxh5 Kg5 58. Ng4 Kxh5 59. Re1 Ng5+ 60. Kg2 Kxg4 61. Rxe5 Rc5 62. Rd2 Kh5 63. Rd4 b4 64. Rh4+ Kg6 65. Rg4 bxa3 66. Rgxg5+ Kh7 67. Rh5+ Kg8 68. Rhg5+ Rg7 69. Rxg7+ Kxg7 70. bxa3 c3 71. Re1 Rxd5 72. Rc1 Rd3 73. Kf2 Kg6 74. Ke2 Rxg3 75. Kd1 Kf5 76. Kc2 Ke4 77. Kb3 Kd4 78. Rd1+ Rd3 79. Rc1 a4+ 80. Kb4 Rd2 81. Kxa4 Kc4 82. Ka5 Rd8 0-1

[Event "Hamburg Seniors op 19th"]
[Site "Hamburg"]
[Date "2012.10.24"]
[Round "1"]
[White "Kock, Rudolf"]
[Black "Strenzke, Guenter"]
[Result "0-1"]
[WhiteElo "1489"]
[BlackElo "1777"]
[PlyCount "104"]
[EventDate "2012.10.24"]
[EventType "swiss"]
[EventRounds "9"]
[EventCountry "GER"]
[SourceTitle "EXT 2015"]
[Source "ChessBase"]
[SourceDate "2014.11.20"]
[SourceVersion "1"]
[SourceVersionDate "2014.11.20"]
[SourceQuality "1"]

1. f4 g6 2. Nc3 Bg7 3. e3 d5 4. Nf3 Nf6 5. Bd3 c5 6. 0-0 0-0 7. Rb1 Nc6 8. Bb5 d4 9. Ne2 dxe3 10. Bxc6 exd2 11. Bxd2 bxc6 12. Bc3 Bf5 13. Qxd8 Raxd8 14. Rbc1 Nd5 15. Bxg7 Kxg7 16. Ne5 Rd6 17. g4 Bc8 18. b3 Ne3 19. h3 Nxf1 20. Kxf1 Be6 21. c4 f6 22. Nf3 Rfd8 23. Ke1 Rd3 24. Kf2 Bc8 25. Nc3 h5 26. Kg3 hxg4 27. hxg4 Re3 28. Na4 Rdd3 29. Rf1 Rd2 30. Rf2 Rxf2 31. Kxf2 Re4 32. Kg3 Re2 33. Nxc5 Rxa2 34. Nd4 Ra5 35. Na4 Bd7 36. Nc2 g5 37. Nc3 gxf4+ 38. Kxf4 e5+ 39. Kf3 Kg6 40. b4 Ra6 41. c5 Be6 42. b5 cxb5 43. Nxb5 Rc6 44. Nxa7 Rxc5 45. Ne3 Kg5 46. Kg3 Rc3 47. Kf2 Bxg4 48. Nb5 Rd3 49. Nc7 Bc8 50. Ncd5 Bb7 51. Ne7 Be4 52. Ke2 Rd7 0-1